Normal view
MARC view
- Malik, Yogendra K. ed.
Entry Personal Name
001 - CONTROL NUMBER
- control field: 8382
003 - CONTROL NUMBER IDENTIFIER
- control field: OSt
005 - DATE AND TIME OF LATEST TRANSACTION
- control field: 20110105144726.0
008 - FIXED-LENGTH DATA ELEMENTS
- fixed length control field: 110105|||a|||||| | ||| d
040 ## - CATALOGING SOURCE
- Original cataloging agency: OSt
- Transcribing agency: OSt
100 ## - HEADING--PERSONAL NAME
- Personal name: Malik, Yogendra K. ed.
670 ## - SOURCE DATA FOUND
- Source citation: Work cat.: (OSt): Malik, Yogendra K. ed., South Asian intellectuals ans social change, 1982
670 ## - SOURCE DATA FOUND
- Source citation: Work cat.: (OSt): Malik, Yogendra K. ed., South Asian intellectuals ans social change, 1982
